Responses for Show #4453 - Wednesday, January 7, 2004

Tom Walsh game 3.

Contestants

[<< previous game]

Luis Corchado, an attorney from Denver, Colorado

Melanie Leon, an Army wife from Peachtree City, Georgia

Tom Walsh, a writer from Washington, D.C. (whose 2-day cash winnings total $30,700)

[next game >>]

Jeopardy! Round responses

ANIMALS
SITCOMS
GEORGE ORWELL
STUPID ANSWERS
WEAPONS
"UNT"IL THE END
(Alex: Those three letters of the alphabet will be at the end of each correct response.)
    $200 13
cow

Tom
    $200 17
Will & Grace

Melanie
    $200 11
India

Tom
    $200 1
(Melanie: What is Lopp...Kansas?)

Dodge City

MelanieLuis
    $200 30
King Arthur

Luis
    $200 2
hunt

Tom
    $400 22
zebra

Melanie
    $400 18
Seinfeld

Tom
    $400 12
1984

Luis
    $400 3
Steve Young

Tom
    $400 29
ball/bullet

Triple Stumper
    $400 5
runt

Tom
    $600 23
teeth

Tom
    $600 19
Cheers & Frasier

Luis
    $600 14
London or Paris

Tom
    $600 4
integrated circuit

Luis
    $600 28
the M16

Luis
    $600 8
(Alfred) Lunt

Tom
    $800 24
armadillo

Luis
    $800 20
Full House

Luis
    $2,000 15
Animal Farm

Tom
    $800 6
(Luis: What is Ninth?)

Central Park West

TomLuis
    $800 26
the barrels

Triple Stumper
    $800 9
punt

Luis
    $1000 25
(Melanie: What is a falcon?)
(Luis: What's an osprey?)

hawk

MelanieLuis
Triple Stumper
    $1000 21
(Luis: Who is "Luis?")

George Lopez

MelanieLuis
    $1000 16
the Spanish Civil War

Tom
    $1000 7
(Luis: What is Stratford-on-Avon?)

New Place

Luis
Triple Stumper
    $1000 27
(Melanie: What is a hatchet?)

tomahawk

Melanie
Triple Stumper
    $1000 10
shunt

Tom

Scores at the first commercial break (after clue 12):

Tom Melanie Luis
$3,600 -$200 $200

Scores at the end of the Jeopardy! Round:

Tom Melanie Luis
$8,400 -$600 $1,200

Double Jeopardy! Round responses

WORLD FACTS
ROCK MUSIC
THE HISTORY CHANNEL
(Alex: All of these clues have to do with their Barbarians series.)
BIG JOHNS
THE BRIGHTEST STARS
LEANN RHYMES?
(Alex: The responses will almost rhyme, almost rhyme with "Leann".)
    $400 1
Iceland

Luis
    $400 9
Britney Spears

Triple Stumper
    $400 20
the Huns

Triple Stumper
    $400 26
John Grisham

Luis
    $400 6
Leo

Luis
    $400 14
We Can

Melanie
    $800 2
(Luis: What is Puerto Rico?)

Costa Rica

TomLuis
    $800 10
Ricky Martin

Tom
    $800 21
the Romans

Luis
    $800 27
Pope John Paul II

Tom
    $800 7
Pollux

Luis
    $800 15
the Korean War

Luis
    $1200 3
Venezuela

Luis
    $1200 11
Elton John

Luis
    $1200 22
Erik the Red & Leif Ericson

Luis
    $1200 28
John Tyler

Luis
    $1200 8
(Tom: What is Polaris?)

Dogstar

TomMelanie
    $1200 17
the CN Tower

Tom
    $1,500 4
Indonesia

Luis
    $1600 12
"Whip It"

Tom
    $1600 23
salt

Melanie
    $1600 29
John Steinbeck

Luis
    $1600 16
Betelgeuse

Tom
    $1600 18
He-Man

Triple Stumper
    $2000 5
Bolivia

Luis
    $2,000 13
Spider-Man

Tom
    $2000 24
Genghis Khan

Luis
    $2000 30
John Jay

Tom
    $2000 25
(Melanie: What is Alpha Centauri?)
(Tom: What is Andromeda?)
....
(Alex: We have less than a minute to go now.)

the Centaur (Centaurus)

TomMelanie
Triple Stumper
    $2000 19
Behan

Tom

Scores at the end of the Double Jeopardy! Round:

Tom Melanie Luis
$18,000 $600 $15,900

[wagering suggestions for these scores]

Final Jeopardy! Round responses

SPORTS & BUSINESS
(Alex: Melanie, we cannot accept your response; the judges have overruled me!)
MelanieWhat is the Iron Triatholon?
$129
LuisWhat is the triathlon
$1,000
TomWhat is the Ironman Triathlon
$13,800
the Ironman Triathlon

Final scores:

Tom Melanie Luis
$31,800 $471 $16,900
3-day champion: $62,500 3rd place: $1,000 2nd place: $2,000

Game dynamics:

Coryat scores:

Tom Melanie Luis
$16,800 $600 $16,000
22 R
(including 2 DDs),
2 W
6 R,
4 W
23 R
(including 1 DD),
5 W

Combined Coryat: $33,400

[game clues] [game scores] [suggest correction]

Game tape date: 2003-10-29
The J! Archive is created by fans, for fans. Scraping, republication, monetization, and malicious use prohibited; this site may use cookies and collect identifying information. See terms. The Jeopardy! game show and all elements thereof, including but not limited to copyright and trademark thereto, are the property of Jeopardy Productions, Inc. and are protected under law. This website is not affiliated with, sponsored by, or operated by Jeopardy Productions, Inc. Join the discussion at JBoard.tv.